TEACHING OF MATHEMATICS (Record no. 21855)

MARC details
000 -LEADER
fixed length control field 00287nam a22001337a 4500
003 - CONTROL NUMBER IDENTIFIER
control field SGT
020 ## - INTERNATIONAL STANDARD BOOK NUMBER
International Standard Book Number 81-261-1332-4
082 ## - DEWEY DECIMAL CLASSIFICATION NUMBER
Classification number 510.07
Item number KUM
100 ## - MAIN ENTRY--PERSONAL NAME
Personal name KUMAR, SUDHIR
245 ## - TITLE STATEMENT
Title TEACHING OF MATHEMATICS
260 ## - PUBLICATION, DISTRIBUTION, ETC. (IMPRINT)
Place of publication, distribution, etc INDIA
Name of publisher, distributor, etc ANMOL PUB.
Year of Publication 2012
300 ## - PAGE DESCRIPTION
No. of Pages 449
942 ## - ADDED ENTRY ELEMENTS (KOHA)
Source of classification or shelving scheme Dewey Decimal Classification
Koha item type Books
Holdings
Withdrawn status Lost status Source of classification or shelving scheme Damaged status Not for loan Collection code Home library Current library Shelving location Date acquired Vendor Name Cost, normal purchase price SGTU Bill Number Full call number Accession No. (Barcode) Date last seen Bill Date Koha item type
    Dewey Decimal Classification     EDUCATION SGT Engineering Library SGT Engineering Library Text Book 13/09/2021 ABC 750.00 SGTU 1581 510.07 KUM ED4864 13/09/2021 06/09/2021 Books
    Dewey Decimal Classification     EDUCATION SGT Engineering Library SGT Engineering Library Text Book 13/09/2021 ABC 750.00 SGTU 1581 510.07 KUM ED4865 13/09/2021 06/09/2021 Books